[Event "Caplin British Online-ch Open 2020"]
[Site "Online"]
[Date "2020.12.21"]
[Round "1.1"]
[White "Cox, Tristan A"]
[Black "Adams, Michael"]
[Result "0-1"]
[WhiteElo "2141"]
[BlackElo "2716"]
[Annotator "TA"]
[PlyCount "46"]
[EventDate "2020.12.21"]
[EventType "swiss"]
[EventCountry "NET"]
[SourceTitle "playchess.com"]
[Source "ChessBase"]
[SourceQuality "1"]

{[%evp 13,46,26,18,16,29,0,0,0,21,20,22,0,3,0,0,0,0,0,17,0,0,-21,-28,-25,73,-45,-37,-45,-41,-368,-351,-378,-380,-435,-441]} 1. d4 d5 2. c4 c6 3. cxd5 cxd5 4. Bf4 Nc6 5. e3 Nf6 6. Nc3 Bf5 7. Qb3 {7.Qb3 is better than 7.Nf3.} Na5 8. Qa4+ {D10: Slav Defence: 3 cxd5 (without early Nf3) and 3 Nc3.} Bd7 9. Qd1 e6 10. Nf3 {The position is equal.} Bb4 11. Bd3 Nc4 12. Qe2 Rc8 {And now ...Nxb2! would win.} 13. Rc1 Ne4 14. Bxe4 dxe4 15. Ng5 {[#]} f5 $146 (15... e5 $5 16. dxe5 Bg4 $1 $11) ({Predecessor:} 15... e5 16. dxe5 Bg4 17. f3 exf3 18. gxf3 Bh5 19. Kf2 O-O 20. Rhd1 Qa5 21. Nd5 Nb6 22. Rxc8 Rxc8 23. Nxb4 Qxb4 {1-0 (42) Bai,J (2593)-Erenburg,S (2576) Saint Louis 2019}) 16. h4 {White wants to play 0-0.} b5 17. O-O {Strongly threatening b3.} (17. a3 $5 {[%cal Ra3b4]} Be7 18. Kf1 $15) 17... O-O $1 18. b3 Na3 {[#]} (18... Nb6 $11 {keeps the balance.} 19. Nxb5 Nd5 20. Rxc8 (20. Nxa7 Rxc1 21. Rxc1 Qb6 $17) 20... Qxc8) 19. Qb2 ({Not} 19. Qh5 h6 $17) (19. d5 $1 $16) 19... h6 $15 20. Nh3 Qxh4 21. d5 $2 {[%mdl 8192]} (21. Be5 $15) 21... Qf6 $19 22. Nd1 Rxc1 23. Qxc1 Rc8 {Weighted Error Value: White=0.55/Black=0.08} 0-1

[Event "Caplin British Online-ch Open 2020"]
[Site "Online"]
[Date "2020.12.21"]
[Round "1.2"]
[White "Turner, Matthew J"]
[Black "Wille, Thomas"]
[Result "1-0"]
[WhiteElo "2509"]
[BlackElo "2048"]
[Annotator "TA"]
[PlyCount "73"]
[EventDate "2020.12.21"]
[EventType "swiss"]
[EventCountry "NET"]
[SourceTitle "playchess.com"]
[Source "ChessBase"]
[SourceQuality "1"]

{[%evp 9,73,-49,-49,-46,-45,-45,-47,-50,-48,-61,-46,-52,-40,-40,-34,-45,-38,-49,4,3,0,0,0,0,15,31,39,22,51,29,39,39,42,39,37,21,21,21,50,13,15,21,21,15,15,13,12,0,0,3,104,103,147,132,166,155,207,207,207,207,559,530,513,431,431,431]} 1. d4 d5 2. Bg5 f6 3. Bh4 Nh6 4. e3 Nf5 5. Bd3 h5 6. Bxf5 {D00: 1 d4 d5: Unusual lines.} Bxf5 7. f3 Nc6 8. Nc3 {Black is slightly better.} Qd7 9. Nge2 {[#]} e6 $146 ({Predecessor:} 9... O-O-O 10. Qd2 {1-0 (10) Schwenk,H (2177)-Cartaya Verdecia,M (2189) ICCF email 2017}) 10. e4 dxe4 11. fxe4 Bg4 12. h3 Bxe2 13. Nxe2 O-O-O (13... g5 $15 14. Bf2 O-O-O) 14. c3 $11 g5 15. Bf2 f5 16. Qc2 Bh6 17. O-O-O fxe4 18. Kb1 g4 19. Qxe4 Qd5 20. Qxd5 exd5 21. hxg4 hxg4 22. Rh4 Rde8 23. Ng3 Rhf8 24. Be1 Bf4 {[#] Strongly threatening ...Rxe1!} 25. Rxg4 Bd6 26. Rg5 Rg8 27. Rxg8 Rxg8 28. Rd3 Ne7 29. Kc2 Ng6 (29... Rg5 $11 {keeps the balance.}) 30. Nf5 $16 Nf4 31. Rg3 Re8 32. Bd2 Re2 (32... Ne6 $16) 33. Nxd6+ $18 cxd6 34. Kd1 Rxg2 $2 {[#]} (34... Re4 {is a better chance.} 35. Bxf4 Rxf4) 35. Bxf4 {White is clearly winning.} Rxb2 36. Bxd6 Rxa2 37. Rg7 {Weighted Error Value: White=0.08/Black=0.31} 1-0

[Event "Caplin British Online-ch Open 2020"]
[Site "Online"]
[Date "2020.12.21"]
[Round "1.3"]
[White "Evans, Harry G"]
[Black "Ghasi, Ameet K"]
[Result "0-1"]
[WhiteElo "1985"]
[BlackElo "2485"]
[Annotator "TA"]
[PlyCount "44"]
[EventDate "2020.12.21"]
[EventType "swiss"]
[EventCountry "NET"]
[SourceTitle "playchess.com"]
[Source "ChessBase"]
[SourceQuality "1"]

{[%evp 9,44,0,0,6,4,-9,-7,-2,-3,-10,-8,-10,-10,-22,-20,-32,-5,-71,-66,-71,-26,-23,-60,-41,-18,-302,-298,-346,-42,-54,-60,-162,-164,-179,-179,-290,-290]} 1. d4 Nf6 2. Bf4 d6 3. Nc3 c6 4. e4 Qa5 5. Qd2 Nbd7 6. Nf3 {B07: Pirc Defence: Miscellaneous Systems.} e5 7. Be3 Be7 8. Bd3 {[#] The position is equal.} Ng4 $146 ({Predecessor:} 8... O-O 9. O-O Qc7 10. a4 a5 11. Bc4 Nxe4 12. Nxe4 d5 13. Bxd5 cxd5 14. Nc3 e4 15. Nxd5 {0-1 (41) Valencik,J (2078)-Jablonicky,M (2342) Tatranske Zruby 2019}) 9. O-O Nxe3 10. fxe3 O-O 11. b4 (11. Nd5 $5 {[%cal Rd5e7]} Qd8 12. Nxe7+ Qxe7 13. c3 $11) 11... Qc7 ({But not} 11... Qxb4 $2 12. Nd5 $1 $18 {[%mdl 512]}) 12. a4 Nf6 13. Ne2 (13. Qe1 $11 {remains equal.}) 13... d5 $17 14. Ng3 dxe4 15. Nxe4 Nxe4 16. Bxe4 f5 17. c3 $2 {[%mdl 8192]} fxe4 $19 18. Nxe5 Bd7 $2 (18... Be6 $19 {And now ...Bf6 would win.} 19. Qc2 Bd6 20. Qxe4 Bd5) 19. Qa2+ $15 Kh8 {Strongly threatening ...g6.} 20. Nf7+ {[#]} (20. Rxf8+ $1 $15 Rxf8 21. Nf7+ Rxf7 22. Qxf7) 20... Rxf7 $1 $19 21. Rxf7 (21. Qxf7 Bd6) 21... Qd6 {aiming for ...Be6.} 22. Raf1 (22. Qc2 {is a better defense.}) 22... Be6 {[%mdl 64] Double Attack.  Weighted Error Value: White=0.51/Black=0.28} 0-1

[Event "Caplin British Online-ch Open 2020"]
[Site "Online"]
[Date "2020.12.21"]
[Round "1.5"]
[White "Rathbone-Jones, Ifan"]
[Black "Fernandez, Daniel Howard"]
[Result "0-1"]
[WhiteElo "1941"]
[BlackElo "2466"]
[Annotator "TA"]
[PlyCount "52"]
[EventDate "2020.12.21"]
[EventType "swiss"]
[EventCountry "NET"]
[SourceTitle "playchess.com"]
[Source "ChessBase"]
[SourceQuality "1"]

{[%evp 9,52,5,27,-22,-11,-20,-20,-33,-19,-45,-43,-132,-51,-209,-212,-206,-201,-203,-197,-189,-133,-226,-177,-208,-183,-178,-170,-222,-210,-327,-324,-320,-300,-486,-368,-376,-337,-736,-685,-667,-656,-2610,-1533,-2514,-2445]} 1. d4 Nf6 2. Bf4 e6 3. Nf3 Be7 4. e3 Nh5 5. Bg3 {[#]} g6 $146 ({Predecessor:} 5... d6 6. Bd3 Nd7 7. Nbd2 a5 8. c3 a4 9. a3 g6 10. Bb5 c6 11. Bxa4 b5 12. Bc2 {0-1 (53) Demchenko,A (2641)-Dubov,D (2699) chess.com INT 2020}) 6. Nbd2 {A46: 1 d4 Nf6 2 Nf3 e6: Torre, London and Colle Systems.} d6 7. Rc1 Nd7 8. c4 {The position is equal.} O-O 9. Bd3 c5 10. Ne4 {[#]} (10. Bc2 $15) 10... f5 (10... cxd4 $1 $17 {White must now prevent ...f5.} 11. Bxd6 (11. Nxd4 $2 e5 $19) 11... Bxd6 12. Nxd6 Nc5 13. Nxc8 dxe3) 11. Bxd6 $2 (11. Nc3 $15) 11... fxe4 $19 {[%mdl 64] Discovered Attack} 12. Bxe7 Qxe7 13. Bxe4 Nhf6 14. Bb1 cxd4 ({Better is} 14... b6 $19 15. Qe2 Bb7) 15. Qxd4 (15. exd4 $17 b6 16. O-O) 15... Qb4+ 16. Ke2 b6 17. a3 Qc5 18. Qh4 (18. Rhd1 $142) 18... Bb7 19. Ng5 (19. Rhd1 {keeps fighting.}) 19... Qe5 ({And not} 19... Bxg2 20. Rhg1 $14) 20. Rc3 {and the idea Qh6 leaves White hopeful.} Nc5 ({Inferior is} 20... Bxg2 21. Rg1 $16) 21. Qh6 $2 (21. Qg3 Qxg3 22. hxg3) 21... Qc7 22. f3 Rad8 23. b4 $2 {[#]} (23. Re1) 23... Qd7 $1 {( -> ...Qd2+). Black is clearly winning.} 24. Rhc1 {[#]} Nb3 {[%mdl 512]} 25. R1c2 (25. Kf1 Ng4) 25... Qd1+ {[%mdl 64] Double Attack} 26. Kf2 Ng4+ {[%mdl 64] Double Attack. White got outplayed after the opening.  Weighted Error Value: White=0.93/Black=0.26} 0-1

[Event "Caplin British Online-ch Open 2020"]
[Site "Online"]
[Date "2020.12.21"]
[Round "1.6"]
[White "Hebden, Mark L"]
[Black "Balaji, Aaravamudhan"]
[Result "1-0"]
[WhiteElo "2453"]
[BlackElo "2206"]
[Annotator "TA"]
[PlyCount "183"]
[EventDate "2020.12.21"]
[EventType "swiss"]
[EventCountry "NET"]
[SourceTitle "playchess.com"]
[Source "ChessBase"]
[SourceQuality "1"]

{[%evp 9,183,-2,0,0,0,-7,0,0,0,0,0,0,0,0,0,-7,0,-16,-25,-25,-19,-12,-12,-12,-20,-20,-14,-15,-22,-18,-16,-34,-37,-47,-47,-63,-24,-57,-10,-53,34,35,31,45,46,39,58,58,46,25,34,34,36,30,72,72,73,73,73,73,73,73,73,72,73,72,73,73,73,34,34,34,34,34,34,34,34,34,34,34,34,34,34,34,34,0,0,0,26,26,26,26,26,26,26,26,26,26,26,26,26,26,26,26,26,26,26,26,26,26,26,26,26,26,26,26,26,26,26,26,26,26,26,26,26,26,25,0,26,26,26,26,26,26,77,26,26,26,26,26,26,26,33,33,33,33,33,33,77,33,33,40,77,77,77,77,70,70,77,77,12845,12845,12845,12846,12848,12848,12849,12849,27999,27999,27994,27999,27999,27999,27998,27998]} 1. d4 Nf6 2. Bf4 d5 3. e3 g6 4. Nc3 Bg7 5. h4 h5 6. Nf3 {D00: 1 d4 d5: Unusual lines.} O-O 7. Be2 c5 8. dxc5 {The position is equal.} Qa5 9. O-O Qxc5 10. Nb5 {[#] Strongly threatening Nc7.} Nc6 $146 ({Predecessor:} 10... a6 11. Nc7 Ra7 12. Nb5 axb5 13. Bxb8 Ra8 14. Be5 b4 15. Bd4 Qa5 16. c3 Bg4 {½-½ (42) Naiditsch,A (2702)-Carlsen,M (2838) Karlsruhe/Baden-Baden 2017}) 11. c3 a5 12. a4 Bg4 13. Ne5 {[%cal Re5g4]} Nxe5 14. Bxe5 Bxe2 15. Qxe2 Ne4 16. Bd4 Qc6 17. Bxg7 Kxg7 18. Rfd1 Rfd8 19. f3 Nc5 20. Nd4 Qf6 21. Qf2 e5 22. Nb5 {White wants to play Nc7.} Qc6 23. Qe2 Nb3 24. Rab1 (24. Ra3 $5 {[%cal Ra3b3]} Nc5 25. g3 $11) 24... Qc4 (24... Rd7 $15) 25. Qxc4 $14 dxc4 26. Nd6 Nc5 27. Nxc4 Nxa4 28. Rxd8 Rxd8 29. Nxa5 {[%mdl 4096] Endgame KRN-KRN} Rd2 30. Nc4 {[%mdl 64] [#] Double Attack} Rc2 31. Nxe5 Nxb2 32. e4 b5 33. Kh2 Nc4 34. Rxb5 Nxe5 35. Rxe5 Rxc3 $16 {KR-KR} 36. Re8 Rc2 37. Kh3 Rc3 38. Kg3 Rc2 39. e5 Rb2 40. Re7 Kf8 41. Rd7 Re2 42. f4 Rb2 43. Rd3 Ke7 44. Ra3 Rc2 45. Kf3 Rb2 46. g3 Rb4 47. g4 hxg4+ 48. Kxg4 Rb2 49. h5 gxh5+ 50. Kxh5 Rg2 51. Ra7+ Ke6 52. Ra6+ Ke7 53. f5 Rh2+ 54. Kg4 Rg2+ 55. Kf3 Rg1 56. Ra7+ Ke8 57. f6 Re1 58. Kf4 Rf1+ 59. Ke3 Re1+ 60. Kd4 Rd1+ 61. Kc3 Re1 62. Re7+ Kf8 63. Kd4 Rd1+ 64. Kc5 Rc1+ 65. Kd6 Rd1+ 66. Kc6 Rc1+ 67. Kd7 {[%csl Gd7][%cal Re7e8]} Rd1+ 68. Kc8 Re1 (68... Kg8 {looks sharper.} 69. Re8+ Kh7 70. Kc7 Kg6 71. Rd8 Ra1) 69. Kd8 {[%csl Gd8][%cal Re7e8]} Rd1+ 70. Rd7 Re1 71. Rd5 Re2 (71... Ra1 $11) 72. Kd7 (72. Ra5 $16 Rd2+ 73. Kc7 Rc2+ 74. Kd7 Rd2+ 75. Kc6 Rc2+ 76. Kd5 Rd2+ 77. Kc6 Rc2+ 78. Kd5 Rd2+ 79. Ke4) 72... Re1 $1 $11 73. Rb5 {[%cal Rb5b8]} Rd1+ 74. Kc6 Rc1+ 75. Kd5 {Threatening mate with Rb8+.} Rd1+ 76. Ke4 {White wants to mate with Rb8+.} Re1+ 77. Kf4 {[%cal Rb5b8]} Rf1+ 78. Ke3 {[%cal Rb5b8]} Kg8 79. Rb4 (79. Rb7 {seems wilder.} Ra1 80. Rb2 Re1+ 81. Kd4 Rd1+ 82. Kc5) 79... Re1+ 80. Kf4 {Black must now prevent Rb8+.} Kh7 81. Kf5 Rf1+ 82. Rf4 Re1 83. Rg4 {aiming for Rg7+.} Rf1+ 84. Ke4 {And now Rg7+ would win.} Re1+ $2 {[%mdl 8192] [#] Loses the game.} (84... Kh8 $16 85. Kd4 Rd1+ 86. Kc5 Rd8) 85. Kd5 $1 $18 Rd1+ 86. Kc6 Rc1+ 87. Kd6 Kh6 88. e6 fxe6 89. f7 {White mates.} Rf1 90. Ke7 e5 91. f8=Q+ Rxf8 92. Kxf8 {Weighted Error Value: White=0.05/Black=0.07} 1-0

[Event "Caplin British Online-ch Open 2020"]
[Site "Online"]
[Date "2020.12.21"]
[Round "1.7"]
[White "Varney, Zoe"]
[Black "Wadsworth, Matthew J"]
[Result "0-1"]
[WhiteElo "1917"]
[BlackElo "2416"]
[Annotator "TA"]
[PlyCount "126"]
[EventDate "2020.12.21"]
[EventType "swiss"]
[EventCountry "NET"]
[SourceTitle "playchess.com"]
[Source "ChessBase"]
[SourceQuality "1"]

{[%evp 17,126,18,23,33,31,15,18,-4,-19,-10,0,-12,-6,-10,16,-29,-28,-28,-33,-40,-33,-45,-51,-81,-77,-80,-88,-91,0,0,0,0,8,0,0,0,5,0,0,0,0,0,0,0,0,0,0,6,5,0,0,0,0,-139,-139,-139,-139,-139,-139,-2529,-834,-2147,-1822,-5522,-4847,-3179,-2712,-29969,-29971,-29977,-29978,-29978,-29979,-29979,-29980,-29987,-29982,-29979,-29981,-29980,-29981,-29981,-29983,-29983,-29984,-29983,-29985,-29985,-29986,-29986,-29987,-29987,-29986,-29985,-29986,-29986,-29987,-29987,-29988,-29988,-29989,-29989,-29990,-29990,-29991,-29994,-29995,-29995,-29996,-29997,-29997]} 1. e4 c5 2. Nf3 e6 3. c3 d5 4. exd5 Qxd5 5. d4 Nf6 6. Na3 cxd4 7. Nb5 Na6 8. Qxd4 Bc5 {8...Qxd4 is not played anymore.} 9. Qxd5 Nxd5 10. Bc4 {B22: Sicilian: 2 c3.} Nb6 11. Bd3 O-O {[#]} 12. b4 $146 {The position is equal.} ({Predecessor:} 12. O-O Bd7 13. Bf4 Nd5 14. Bg3 Rfd8 15. Rad1 Bc6 16. Nbd4 Be8 17. Bxa6 bxa6 18. Nb3 {1-0 (45) Havlicek,L (2133)-Olsak,P Slovakia 2000}) 12... Be7 13. Be3 Nd5 14. Bd4 ({But not} 14. Bxa7 $2 Nxc3 $1 {[%mdl 512]} 15. Nxc3 Nxb4 $17) 14... Bd7 15. a4 $1 Nac7 16. O-O Nxb5 17. axb5 Nf4 18. Ne5 Nxd3 19. Nxd7 Rfd8 20. Ne5 Nxe5 21. Bxe5 Rd5 22. Bd4 {[#]} Rxb5 (22... Bxb4 $1 $17 23. Rfd1 (23. Ra4 Bc5) 23... Be7) 23. Rxa7 $11 Rxa7 24. Bxa7 $17 {[%mdl 4096] Endgame KRB-KRB} Kf8 25. Rd1 Ke8 26. Kf1 g5 27. Ke2 g4 28. Rd4 h5 29. Rd3 Re5+ 30. Re3 Rf5 31. h3 Bd6 32. hxg4 hxg4 33. g3 Kd7 34. Re4 Rf3 35. Bd4 (35. Be3 $11 {keeps the balance.}) 35... f5 36. Re3 e5 37. Ba7 Rxe3+ 38. Kxe3 $4 {[%mdl 8192] KB-KB. This costs White the game.} (38. Bxe3 $17 b5 39. Bg5) 38... Kc6 (38... Kc7 $142 39. Kd3 b6) 39. Kd3 {[#]} b6 $1 40. Kc4 Kb7 41. Kd5 Bc7 42. Bxb6 Kxb6 $19 {KB-KP. Black mates.} 43. Ke6 f4 44. Kf5 fxg3 45. fxg3 {KB-K3P} Kb5 46. Kxg4 Kc4 47. Kf5 Kd3 48. g4 e4 49. g5 e3 50. g6 {[#]} Be5 $1 {[%mdl 576] Promotion} 51. Kxe5 {KP-KP} e2 52. g7 e1=Q+ {[%mdl 64] Double Attack} 53. Kf6 Qe8 54. b5 Kc4 55. b6 Kc5 56. b7 Kc6 57. b8=Q Qxb8 58. Kf7 Qf4+ 59. Kg6 Qg4+ 60. Kf7 Qf5+ 61. Kg8 Kd7 62. c4 Ke7 63. c5 Kf6 {Weighted Error Value: White=0.53/Black=0.22} 0-1

[Event "Caplin British Online-ch Open 2020"]
[Site "Online"]
[Date "2020.12.21"]
[Round "1.8"]
[White "Lalic, Bogdan"]
[Black "Gordon, Sean"]
[Result "1-0"]
[WhiteElo "2402"]
[BlackElo "2039"]
[Annotator "TA"]
[PlyCount "53"]
[EventDate "2020.12.21"]
[EventType "swiss"]
[EventCountry "NET"]
[SourceTitle "playchess.com"]
[Source "ChessBase"]
[SourceQuality "1"]

{[%evp 9,53,-1,58,61,59,59,67,64,81,62,50,57,81,42,73,74,82,72,101,100,118,110,136,133,291,287,374,389,444,432,527,511,479,445,477,462,597,593,744,751,748,714,710,709,1114,1098]} 1. c4 c6 2. d4 d5 3. Nf3 Nf6 4. Nc3 e6 5. Bg5 Qa5 (5... dxc4 $11 6. e4 b5) 6. Bxf6 $14 {D43: Semi-Slav: 5 Bg5 h6.} gxf6 7. e3 Nd7 8. a3 {[#] White is slightly better.} Bg7 $146 ({Predecessor:} 8... a6 9. b4 Qd8 10. Be2 f5 11. O-O Bg7 12. Qc2 O-O 13. Rfc1 Nf6 14. a4 Ne4 {0-1 (54) Moiseenko,A (2692)-Lu,S (2599) Baku 2015}) 9. Bd3 dxc4 10. Bxc4 b5 11. b4 Qc7 12. Bd3 Bb7 13. Rc1 a6 14. O-O O-O 15. Nd2 Rfc8 16. Nb3 e5 $2 {This costs Black the game.} (16... f5 $16) 17. Ne4 $18 {[%cal Bc3e4,Be4g3,Bg3f5][%mdl 32]} f5 18. Ng3 f4 19. Nf5 {[#] Threatens to win with Qg4!White is clearly winning.} Nf6 20. dxe5 Qxe5 21. exf4 Qc7 22. Nc5 Re8 23. Qf3 Rad8 24. Qg3 {[%csl Gf5][%cal Rg3g7] [#]} Nh5 25. Qg4 Qxf4 26. Qxh5 Re5 27. g3 {Weighted Error Value: White=0.05/Black=0.54} 1-0

[Event "Caplin British Online-ch Open 2020"]
[Site "Online"]
[Date "2020.12.21"]
[Round "1.9"]
[White "Finn, Chris"]
[Black "O'gorman, Tom"]
[Result "0-1"]
[WhiteElo "1886"]
[BlackElo "2368"]
[Annotator "TA"]
[PlyCount "48"]
[EventDate "2020.12.21"]
[EventType "swiss"]
[EventCountry "NET"]
[SourceTitle "playchess.com"]
[Source "ChessBase"]
[SourceQuality "1"]

{[%evp 12,48,13,6,11,11,0,-4,-2,-4,-1,-4,22,13,56,0,0,-8,-12,-19,-37,-53,-43,-216,-162,-158,-155,-777,-790,-832,-662,-945,-901,-854,-867,-2091,-2032,-1608,-1591]} 1. d4 Nf6 2. Nf3 g6 3. Bg5 Bg7 4. Nbd2 O-O 5. e3 d6 6. Bd3 c5 7. c3 b6 {A48: 1 d4 Nf6 2 Nf3 g6: Torre, London and Colle Systems.} 8. Qe2 {was the old line (8.0-0).} Bb7 9. e4 {[#]} cxd4 $146 {The position is equal.} ({Predecessor:} 9... Qc7 10. O-O e5 11. dxe5 dxe5 12. Nc4 Nh5 13. a4 Nf4 14. Bxf4 exf4 15. e5 Nc6 {0-1 (29) Lys,J (2160)-Strebkovs,A (2340) Karvina 2015}) 10. cxd4 Nc6 11. a3 Nd7 12. Qe3 Rc8 (12... f6 $5 {[%cal Rf6g5]} 13. Bh6 Bxh6 14. Qxh6 e5 $11) 13. Bh6 (13. O-O $14) 13... e5 $11 {[%cal Re5d4]} 14. Bxg7 Kxg7 15. d5 Ne7 16. h4 Nf6 17. g4 $2 {[#]} (17. O-O $15) 17... Nexd5 18. exd5 Nxd5 19. Qe2 {Now White is beyond hope.} (19. Qe4 $17) 19... Nf4 $19 {Black is clearly winning.} 20. Qf1 e4 21. Ba6 Bxa6 22. Qxa6 exf3 23. Nxf3 Qe7+ 24. Kf1 Qe4 {Weighted Error Value: White=1.14/Black=0.17} 0-1

[Event "Caplin British Online-ch Open 2020"]
[Site "Online"]
[Date "2020.12.21"]
[Round "1.10"]
[White "Grieve, Harry"]
[Black "Goss, Alex"]
[Result "1/2-1/2"]
[WhiteElo "2351"]
[BlackElo "1833"]
[Annotator "TA"]
[PlyCount "106"]
[EventDate "2020.12.21"]
[EventType "swiss"]
[EventCountry "NET"]
[SourceTitle "playchess.com"]
[Source "ChessBase"]
[SourceQuality "1"]

{[%evp 9,106,7,22,0,31,0,-4,0,0,-5,5,0,4,-1,-10,0,52,48,46,55,51,46,52,46,75,0,0,-16,-9,-12,-8,-12,0,0,0,0,43,36,32,26,49,0,0,0,0,-8,-8,-8,-8,-8,0,0,0,0,0,0,0,0,0,0,0,0,0,0,0,0,0,0,20,20,20,0,8,8,8,8,8,8,8,8,8,8,8,8,8,8,8,8,8,8,8,8,8,8,8,0,0,0,8]} 1. d4 e6 2. Nf3 d5 3. Bg5 Be7 4. Bxe7 Nxe7 5. Nbd2 c5 6. e3 {D02: 1 d4 d5 2 Nf3 sidelines, including 2...Nf6 3 g3 and 2...Nf6 3 Bf4.} O-O 7. c3 b6 8. Bd3 h6 9. Qe2 Nbc6 10. O-O {[#]} Qc7 $146 ({Predecessor:} 10... Qd6 11. e4 dxe4 12. Nxe4 Qd5 13. Bc4 Qh5 14. dxc5 bxc5 15. Ng3 Qg6 16. Bd3 f5 {1-0 (39) Kononov,V (2073)-Tubakin,L (1981) Zelenograd 2016}) 11. Rac1 c4 12. Bc2 e5 (12... f5 $11) 13. Nxe5 $14 Nxe5 14. dxe5 Qxe5 15. e4 b5 16. Nf3 Qh5 17. Rcd1 (17. Qe3 $16) 17... Bg4 $11 18. h3 Bxf3 19. Qxf3 Qxf3 20. gxf3 dxe4 21. Rd7 Ng6 22. Bxe4 Rad8 23. Rfd1 Rxd7 24. Rxd7 $14 {[%mdl 4096] Endgame KRB-KRN} Nf4 25. Kh2 f5 {The position is equal.} 26. Bc2 Rf7 27. Rd4 g5 28. h4 Kg7 29. a4 a6 30. Rd6 Rf6 31. Rd7+ Rf7 32. Rxf7+ Kxf7 33. hxg5 hxg5 34. axb5 $1 ({Don't blunder} 34. Bxf5 $2 bxa4 35. Bd7 Nd3 $19) 34... axb5 {Strongly threatening ...Ke6.} 35. Bxf5 $11 {KB-KN} Nd3 36. Bd7 Nxb2 37. Bxb5 Kf6 38. Kg3 Nd1 39. Bxc4 Nxc3 40. f4 gxf4+ 41. Kxf4 Na4 42. Ke4 Nc3+ 43. Kd4 $1 {[%cal Rd4c3]} Nd1 44. f3 Kf5 45. Be2 Nf2 46. Ke3 Nh3 47. Ba6 {[#] Bc8+ would kill now.} Ng5 48. Bc8+ Kf6 49. f4 Nf7 50. Bh3 Nh8 51. Ke4 Ng6 52. f5 Ne7 53. Bg4 Nxf5 {Weighted Error Value: White=0.06/Black=0.07} 1/2-1/2

[Event "Caplin British Online-ch Open 2020"]
[Site "Online"]
[Date "2020.12.21"]
[Round "1.12"]
[White "Claridge-Hansen, William"]
[Black "Stubbs, Oliver"]
[Result "1-0"]
[WhiteElo "2290"]
[BlackElo "1905"]
[Annotator "TA"]
[PlyCount "75"]
[EventDate "2020.12.21"]
[EventType "swiss"]
[EventCountry "NET"]
[SourceTitle "playchess.com"]
[Source "ChessBase"]
[SourceQuality "1"]

{[%evp 13,75,15,39,35,33,0,0,0,26,29,24,23,25,18,18,18,18,18,14,-2,22,20,20,22,41,38,33,44,37,23,198,125,400,404,404,400,531,553,553,520,493,526,505,490,585,465,466,435,441,406,410,303,5485,2577,29980,29981,29980,29981,29978,29979,29991,29991,29995,29996]} 1. c4 Nf6 2. g3 g6 3. Bg2 d5 4. cxd5 Nxd5 5. Nc3 Nb6 6. d3 Bg7 7. Be3 Nc6 8. Rc1 {A16: English Opening: 1...Nf6 with ...d5.} Nd4 9. h4 h6 10. Nf3 {[#] aiming for Bxd4.The position is equal.} Nxf3+ $146 ({Predecessor:} 10... e5 11. Ne4 O-O 12. Qd2 Kh7 13. h5 g5 14. Nfxg5+ hxg5 15. h6 Bf6 16. Nxf6+ Qxf6 17. Rh5 c6 18. Rxg5 Rg8 {½-½ (18) Eingorn,V (2580)-Finkel,A (2500) Metz 1996}) 11. Bxf3 c6 12. Qd2 Be6 13. O-O Nd5 14. Nxd5 Bxd5 15. Bxd5 Qxd5 16. b4 h5 17. Rc5 Qe6 18. Rfc1 a6 19. R1c4 O-O 20. Re4 Qd7 21. Bh6 Rfd8 $2 {[#] White leaves nothing to chance now.} (21... f6 $11 {and Black stays safe.}) 22. Rxh5 $3 {[%mdl 512]} f5 $2 {[%mdl 8192]} (22... gxh5 23. Qg5 Qg4 24. Rxg4 Kf8 25. Qxg7+ Ke8 26. Re4 b5 27. Qf6) (22... Bf6 $16 23. Ra5 b6) (22... Bf6 23. Rc5) 23. Bxg7 $18 {White threatens Qg5! and mate.} (23. Qg5 e5 $18) 23... fxe4 (23... gxh5 $2 {loses.} 24. Bc3 $18) 24. Bb2 {Qh6! would kill now.} Rf8 {[#]} ({Weaker is} 24... gxh5 25. Qg5+ Kf7 26. Qg7+ Ke6 27. Qg6+ Kd5 28. Qxe4+ Kd6 29. Qe5#) 25. Qh6 $1 {[%cal Rh6g6]} Kf7 26. Qg7+ Ke8 27. Qxg6+ Kd8 28. Qxe4 Kc7 29. Be5+ Kc8 30. Rh7 Qe6 31. f4 a5 32. f5 Qxa2 (32... Qxf5 33. Qxf5+ (33. Rxe7 $2 {leads to mate.} Qf1+ 34. Kh2 Rf2+ {[%mdl 64] Double Attack} 35. Qg2 Qxg2#) 33... Rxf5) 33. Rxe7 {Threatening mate with f6.} Qb1+ 34. Kh2 {White mates.} Qxb4 35. Rc7+ Kd8 36. d4 a4 37. Qf4 Ke8 38. Bd6 {[%mdl 64] Double Attack.  Weighted Error Value: White=0.11/Black=0.49} 1-0